000 01556cam a22003857a 4500
999 _c330524
_d330524
001 14625704
003 NUST
005 20170718164119.0
008 061106s2007 nyua b 001 0 eng
010 _a 2006285753
015 _aGBA622671
_2bnb
016 7 _a013402722
_2Uk
020 _a0071460233
020 _a9780071460231
035 _a(OCoLC)ocm71399872
040 _aSISPL
_cSISPL
_dBAKER
_dQBX
_dUKM
_dIXA
_dUAB
_dYDXCP
_dBTCTA
_dDLC
042 _alccopycat
050 0 0 _aT174.7
_b.W55 2007
082 0 0 _a620.5 WIL
_222
100 1 _aWilliams, Linda D.
_93413
245 1 0 _aNanotechnology demystified /
_cLinda Williams, Wade Adams.
246 1 4 _aNanotechnology demystified, a self-teaching guide
260 _aNew York :
_bMcGraw-Hill,
_cc2007.
300 _axv, 343 p. :
_bill. ;
_c24 cm.
490 1 _aDemystified series
500 _aP.B
504 _aIncludes bibliographical references (p. [329]-333) and index.
650 0 _aNanotechnology.
_92826
700 1 _aAdams, Wade.
_93414
830 0 _aMcGraw-Hill "Demystified" series.
_93415
856 4 1 _3Table of contents only
_uhttp://www.loc.gov/catdir/toc/fy0707/2006285753.html
856 4 2 _3Publisher description
_uhttp://www.loc.gov/catdir/enhancements/fy0703/2006285753-d.html
856 4 2 _3Contributor biographical information
_uhttp://www.loc.gov/catdir/enhancements/fy0703/2006285753-b.html
906 _a7
_bcbc
_ccopycat
_d3
_encip
_f20
_gy-gencatlg
942 _2ddc
_cBK
_kIESE